Der Hobbit (Herr der Ringe) Bildschirmzeit „Extended Cut“ - Statistiken

Allgemein
  • Dieses Quiz wurde 62 mal gespielt
  • Das Durchschnittsergebnis liegt bei 21 aus 30
Antwortstatistiken
Hint Antwort % Korrekt
129:30 Bilbo
96%
78:30 Gandalf
96%
17:30 Legolas
86%
91:45 Thorin
86%
27:30 Fili
79%
36:30 Kili
79%
40:15 Balin
75%
21:30 Gloin
75%
21:30 Smaug
75%
21:45 Bombur
74%
13 Azog
72%
27 Bard
72%
10 Elrond
72%
9:15 Galadriel
72%
31 Dwalin
70%
19:30 Tauriel
68%
17 Thranduil
68%
21:15 Bifur
67%
26:15 Bofur
65%
10:30 Radagast
65%
6:15 Saruman
65%
8:30 Bolg
61%
20:45 Oin
61%
21:30 Ori
61%
11:30 Gollum
60%
20:30 Nori
60%
20:15 Dori
58%
6:15 Beorn
51%
6:30 Bürgermeister von Seestadt
47%
11 Alfrid
39%
Keine übereinstimmenden Quizze gefunden
Verteilung der Resultate
Anzahl Personen mit jedem Resultat
Perzentil nach korrekt beantworteten Fragen
Ihre Resultats-Entwicklung
Sie haben dieses Quiz noch nicht gespielt